000 01008cab a22003015a 4500
001 L152381
008 110228e20110226xxk 000 0 eng d
035 _a(Sirsi) u152381
041 0 _aeng
100 1 _aBryden, Doug
245 0 0 _aTake the trouble
260 _c2011
490 _aEstates Gazette
_v(1108) 26 February 2011, 114-115(2)
520 _aReviews law of nuisance with reference to case law. Differences between public and private nuisance.
590 _aKA
650 2 4 _aDOBSON V THAMES WATER UTILITIES
650 2 4 _aRYLANDS V FLETCHER
650 2 4 _aTRANSCO PLC V STOCKPORT MBC
650 2 4 _aLAMBERT V BARRATT HOMES LTD (MANCHESTER DIVISION)
650 2 4 _aCOLOUR QUEST LTD V TOTAL DOWNSTREAM UK PLC
650 2 4 _aCORBY GROUP LITIGATION V CORBY DISTRICT COUNCIL
651 4 _aUnited Kingdom
_y
690 _aPROPERTY-COMMERCIAL PROPERTY-COMMERCIAL PROPERTY MARKET
700 1 _aCunningham, David
700 1 _aClarkson, Melanie
700 1 _aMeadwell, Stacey
942 _n0
999 _c82953
_d82953